| 000 | 00532nam a2200145 a 4500 | ||
|---|---|---|---|
| 008 | 120416s1919 ||||||||||||||||| || u | ||
| 050 | _aQA 303 Lam | ||
| 100 | _aLamb, Horace, Sir | ||
| 245 | 1 | 3 | _aAn elementary course of infinite infinitesimal calculus |
| 250 | _a3rd. rev e | ||
| 260 |
_aLondon _bCambridge University Press _c1919 |
||
| 300 | _axiv, 530p. : ill. | ||
| 350 | _a0.00 | ||
| 995 |
_D0.00 _FCBU-MAIN LIBRARY (Kitwe) _H1 _I1.95 _M1 _UDAMAGED _ZMain Library Open Access Collection |
||
| 999 |
_c41595 _d41595 |
||